| 000 | 00713nam a2200253 i 4500 | ||
|---|---|---|---|
| 003 | DO-SdBNP | ||
| 005 | 20231005154606.0 | ||
| 006 | a||||gr|||| 00| 0 | ||
| 007 | ta | ||
| 008 | 231005e1982 bra||||| |||| 00| d por d | ||
| 020 | _a8522000131 | ||
| 040 |
_aDO-SdBNP _bspa _cBNPHU _erda |
||
| 082 | 4 |
_222 _bS939a 1982 |
|
| 245 | 1 | 0 |
_aAuto de compadecida. / _cAriano Suassuna |
| 250 | _a18a. edición | ||
| 264 | 1 |
_aRío de Janeiro : _bLivraria AGIR, _c1982 |
|
| 300 |
_a203 páginas ; _c18 cm. |
||
| 336 |
_2rdacontent _atexto _btxt |
||
| 337 |
_2rdamedia _asin mediación _bnc |
||
| 338 |
_2rdacarrier _avolumen _bnc |
||
| 490 |
_aTeatro Moderno ; _v3 |
||
| 590 | _aInventariado 2023 / MF | ||
| 942 |
_2ddc _cLBS1 |
||
| 999 |
_c55094 _d55094 |
||